000 00702nam a2200193 i 4500
001 105808
003 SpMaBN
005 20250920063053.0
008 180419q1912 sp a |||| |aspa d
080 _a914.3(079.3)
100 1 _aMurúa y Valerdi, Agustín,
_d1874-
_9164655
245 1 0 _aTres años en Alemania
_b: memorias de un pensionado /
_cAgustín Murúa y Valerdi.
250 _a2ª ed. corr. y aum.
260 _aBarcelona :
_bSdad. Gral. de Publicaciones,
_c[1912?]
300 _a400 p. :
_bil. ;
_c19 cm.
651 7 _aAlemania-
_xDescripción.
_97657
852 _aES-MaACL
_jL-31927
_z. - Donat. herederos de la bibl. de Mª del Pilar Costa Palacín
999 _c105808
_d105808